| 000 | 00573nam a2200229Ia 4500 | ||
|---|---|---|---|
| 003 | OSt | ||
| 005 | 20250705101317.0 | ||
| 008 | 210210b2004 xxu||||| |||| 00| 0 eng d | ||
| 020 | _a8170149053 | ||
| 040 | _cAL | ||
| 041 | _aeng | ||
| 082 | _a541.3 SONT | ||
| 100 |
_aSoni P L and Others _9210836 |
||
| 245 | _aText book of physical chemistry Ed 22 | ||
| 250 | _a22 | ||
| 260 |
_aN D _bSultan Chand & Sons _c2004 |
||
| 300 | _axxix,1030p. | ||
| 650 |
_aPhysical Chemistry _9210837 |
||
| 690 |
_aPhysical Chemistry _9210837 |
||
| 906 | _aSG04517 | ||
| 942 |
_2ddc _cSG |
||
| 999 |
_c115174 _d115174 |
||